[Event "NCA-chT Final"]
[Site "Managua"]
[Date "2020.11.01"]
[Round "8.18"]
[White "Escorcia Obando, Carlos David"]
[Black "Miranda Jarquin, Eduardo Modesto"]
[Result "1/2-1/2"]
[WhiteElo "1831"]
[BlackElo "1679"]
[PlyCount "65"]
[EventDate "2020.10.24"]
[EventType "team-tourn"]
[EventRounds "11"]
[EventCountry "NCA"]
[SourceTitle "EXT 2022"]
[Source "ChessBase"]
[SourceDate "2021.10.06"]
[SourceVersion "1"]
[SourceVersionDate "2021.10.06"]
[SourceQuality "1"]

1. e4 e6 2. d3 d5 3. Nd2 Nf6 4. Ngf3 b6 5. g3 Bb7 6. e5 Nfd7 7. Bg2 c5 8. c3 Nc6 9. d4 Be7 10. 0-0 0-0 11. Re1 Rc8 12. a3 b5 13. Nf1 a5 14. h4 cxd4 15. Nxd4 Ndxe5 16. Nxb5 Qb6 17. a4 Ba6 18. Be3 Qb7 19. Bf4 Ng6 20. Nd6 Bxd6 21. Bxd6 Rfd8 22. Ba3 Nge5 23. b4 Bxf1 24. Bxf1 Nc4 25. Bxc4 dxc4 26. Qf3 Rd3 27. Qe4 Qc7 28. Qxc4 Ne5 29. Qxc7 Nf3+ 30. Kf1 Rxc7 31. Red1 Rcxc3 32. Ke2 Nd4+ 33. Ke1 1/2-1/2

[Event "NCA-chT Final"]
[Site "Managua"]
[Date "2020.11.01"]
[Round "9.10"]
[White "Miranda Jarquin, Eduardo Modesto"]
[Black "Picado, Jorge Luis"]
[Result "0-1"]
[WhiteElo "1679"]
[BlackElo "2262"]
[PlyCount "60"]
[EventDate "2020.10.24"]
[EventType "team-tourn"]
[EventRounds "11"]
[EventCountry "NCA"]
[SourceTitle "EXT 2022"]
[Source "ChessBase"]
[SourceDate "2021.10.06"]
[SourceVersion "1"]
[SourceVersionDate "2021.10.06"]
[SourceQuality "1"]

1. d4 Nf6 2. Bf4 g6 3. e3 Bg7 4. h3 d6 5. Bd3 Nbd7 6. Nf3 c5 7. c3 0-0 8. Qc2 b6 9. 0-0 Bb7 10. Nbd2 Rc8 11. Ne4 cxd4 12. exd4 Nd5 13. Bg5 N7f6 14. Qd2 Qd7 15. Rfe1 Rfe8 16. a4 Bc6 17. Ba6 Rb8 18. b3 Nxe4 19. Rxe4 Nxc3 20. Ree1 Ne4 21. Qd3 Nxg5 22. Nxg5 e6 23. Rac1 Bb7 24. Rc2 Re7 25. Rec1 Bxa6 26. Qxa6 Bxd4 27. Rc7 Qxc7 28. Rxc7 Rxc7 29. Ne4 d5 30. Nd6 Be5 0-1

[Event "NCA-chT 1st Stage"]
[Site "Managua"]
[Date "2020.10.04"]
[Round "3.22"]
[White "Miranda Jarquin, Eduardo Modesto"]
[Black "Hernandez Ruiz, Fidel Francisco"]
[Result "1-0"]
[WhiteElo "1679"]
[BlackElo "1220"]
[PlyCount "67"]
[EventDate "2020.10.03"]
[EventType "team-swiss"]
[EventRounds "9"]
[EventCountry "NCA"]
[SourceTitle "EXT 2022"]
[Source "ChessBase"]
[SourceDate "2021.10.06"]
[SourceVersion "1"]
[SourceVersionDate "2021.10.06"]
[SourceQuality "1"]

1. d4 c6 2. Nf3 d5 3. c3 Bg4 4. Bf4 e6 5. Nbd2 Bd6 6. Bxd6 Qxd6 7. Ne5 Bf5 8. e3 Nd7 9. Ndf3 Nxe5 10. Nxe5 Nf6 11. Bd3 Bxd3 12. Qxd3 0-0 13. 0-0 Nd7 14. f4 f5 15. Rf3 Nxe5 16. dxe5 Qe7 17. Raf1 Rac8 18. Rg3 Rf7 19. Rff3 c5 20. Rg5 a6 21. h3 b5 22. g4 Rcf8 23. gxf5 Rxf5 24. Rfg3 Rxg5 25. Rxg5 h6 26. Rg6 Qf7 27. Qc2 c4 28. Qg2 Kh7 29. Rg3 Rg8 30. Qc2+ Qf5 31. Qxf5+ exf5 32. h4 Rd8 33. h5 Kg8 34. Rg6 1-0

[Event "NCA-ch Fiestas Patrias op"]
[Site "Managua"]
[Date "2020.09.06"]
[Round "8"]
[White "Miranda Jarquin, Eduardo Modesto"]
[Black "Sanchez Cuadra, Fernando"]
[Result "1-0"]
[WhiteElo "1644"]
[BlackElo "1751"]
[PlyCount "135"]
[EventDate "2020.08.29"]
[EventType "swiss"]
[EventRounds "9"]
[EventCountry "NCA"]
[SourceTitle "EXT 2022"]
[Source "ChessBase"]
[SourceDate "2021.10.06"]
[SourceVersion "1"]
[SourceVersionDate "2021.10.06"]
[SourceQuality "1"]

1. d4 Nf6 2. Bf4 e6 3. e3 d5 4. Nd2 c5 5. c3 h6 6. h3 Bd6 7. Bxd6 Qxd6 8. Ngf3 Nbd7 9. Be2 b6 10. Bb5 a6 11. Qa4 Ke7 12. Be2 Bb7 13. Qc2 Rhe8 14. a4 Rac8 15. Rc1 cxd4 16. Nxd4 Kf8 17. 0-0 Nc5 18. Rfd1 g6 19. Bf3 e5 20. b4 Ncd7 21. N4b3 Qe7 22. Nf1 e4 23. Be2 Ne5 24. Nd4 Nfd7 25. Nh2 h5 26. Qb3 Nc4 27. Bxc4 dxc4 28. Qc2 Ne5 29. Qe2 Nd3 30. Rc2 Qg5 31. Qf1 Rc7 32. Kh1 f5 33. g3 Qf6 34. Ne2 a5 35. Qg2 Rg7 36. Rg1 Re6 37. Qf1 f4 38. Nd4 Rf7 39. Kg2 Ne5 40. Qd1 fxg3 41. fxg3 g5 42. Ne2 g4 43. hxg4 hxg4 44. Nd4 Ba6 45. Nxg4 Qg5 46. Nxe5 Rxe5 47. Qe1 Bc8 48. Rf2 Rxf2+ 49. Qxf2+ Kg8 50. Qf4 Bg4 51. Qxg5+ Rxg5 52. Rh1 Kg7 53. Rh4 Bh5 54. b5 Bd1 55. Ne6+ Kf6 56. Nxg5 Kxg5 57. Rxe4 Bxa4 58. Re6 Kf5 59. Rxb6 Ke4 60. Rc6 Bxb5 61. Rc5 Ba6 62. Rxa5 Bb7 63. Rb5 Bd5 64. Kf2 Be6 65. Ke2 Bg4+ 66. Kd2 Be2 67. Re5+ Kxe5 68. Kxe2 1-0

[Event "NCA-ch Fiestas Patrias op"]
[Site "Managua"]
[Date "2020.08.30"]
[Round "3"]
[White "Miranda Jarquin, Eduardo Modesto"]
[Black "Arevalo Lopez, Josue"]
[Result "0-1"]
[WhiteElo "1644"]
[BlackElo "2024"]
[PlyCount "52"]
[EventDate "2020.08.29"]
[EventType "swiss"]
[EventRounds "9"]
[EventCountry "NCA"]
[SourceTitle "EXT 2022"]
[Source "ChessBase"]
[SourceDate "2021.10.06"]
[SourceVersion "1"]
[SourceVersionDate "2021.10.06"]
[SourceQuality "1"]

1. d4 d5 2. Bf4 c5 3. Nd2 Nc6 4. dxc5 e5 5. Bg3 Bxc5 6. Nb3 Bd6 7. e3 Nf6 8. Nf3 0-0 9. h3 a6 10. Be2 Be6 11. 0-0 Qc7 12. Ng5 Bf5 13. Nf3 a5 14. c3 a4 15. Nbd2 e4 16. Bxd6 Qxd6 17. Nd4 Nxd4 18. cxd4 Rfc8 19. Rc1 Qb4 20. b3 Bd7 21. f3 Rxc1 22. Qxc1 Rc8 23. Qd1 Qc3 24. Kf2 Qb2 25. bxa4 Rc2 26. Ke1 Rc1 0-1